000 00518nam a22001811a 4500
001 10869
003 OSt
005 20260204212215.0
008 100614s1988||||dr ||||||b||||||||||spa||
050 _aRD 370.7293 I8r
110 _aInstituto Tecnológico de Santo Domingo
245 _aRequerimiento de la economía a la educación
264 _aSanto Domingo : CICOM
300 _a37 p
490 _aPlan Educativo No.1
650 _aRepública Dominicana - Educación 2.Educación - EconomíaÌ
942 _2ddc
_cBK
999 _c10869
_d10869